000 00826nam a2200253Ia 4500
003 OSt
005 20220927105616.0
006 a|||||r|||| 00| 0
007 ta
008 220926b |||||||| |||| 00| 0 eng d
020 _a9780857240613
024 _a190719
037 _cReference Collections
040 _aRTL
_cRTL
_beng
041 _2eng
_aeng
082 _a"Xvn1, N83, M7;Q0/RR"
100 _aSAMUELS Warren J
_9373644
245 0 _a"English, Irish and subversives among the dismal scientists"
260 _aUnited
_bKingdom Emerald
_c2010
300 _a"viii, 401p Bibliography chapterwise"
_ccm.
490 _aResearch in the History of Economic Thought and Methodology Vol. 28-B
942 _h"Xvn1, N83, M7;Q0/RR"
_cCC
999 _c693369
_d693369